LEADER 01359aam 2200397I 450 001 9910709911003321 005 20151118015317.0 024 8 $aGOVPUB-C13-1cfddfc9938750732ebf0c7ae7d4c267 035 $a(CKB)5470000002475161 035 $a(OCoLC)929879258 035 $a(EXLCZ)995470000002475161 100 $a20151118d1979 ua 0 101 0 $aeng 181 $2rdacontent 182 $2rdamedia 183 $2rdacarrier 200 10$aCollaborative reference program for paper $eReport no. 57G /$fR. G. Powell; J. Horlick 210 1$aGaithersburg, MD :$cU.S. Dept. of Commerce, National Institute of Standards and Technology,$d1979. 215 $a1 online resource 225 1 $aNBSIR ;$v79-1369 300 $a1979. 300 $aContributed record: Metadata reviewed, not verified. Some fields updated by batch processes. 300 $aTitle from PDF title page. 320 $aIncludes bibliographical references. 517 $aCollaborative reference program for paper 700 $aPowell$b R. G$01386938 701 $aHorlick$b J$01386491 701 $aPowell$b R. G$01386938 712 02$aUnited States.$bNational Bureau of Standards. 801 0$bNBS 801 1$bNBS 801 2$bGPO 906 $aBOOK 912 $a9910709911003321 996 $aCollaborative reference program for paper$93441856 997 $aUNINA